000 00489nam a2200157 4500
001 116069
003 ES-MaACL
005 20230906190627.0
007 t|
008 061121s1978 xxk r ||||1| eng d
100 1 _aPataky Kosove, Joan Lynne.
_989549
245 1 4 _aThe `comedia lacrimosa` and spanish romantic drama
_b: (1773-1865) /
_cJoan Lynne Pataky Kosove.
260 _aLondon :
_bTamesis Books Lim.,
_c1978.
300 _a148 p. ;
_c24 cm.
852 _aES-MaACL
_jL-302
_bR.100757
999 _c116069
_d116069